| 000 | 00579nam a22002051a 4500 | ||
|---|---|---|---|
| 001 | 5823 | ||
| 003 | OSt | ||
| 005 | 20260204212030.0 | ||
| 008 | 060213s2002||||Col||||||b||||||||||spa|| | ||
| 020 | _a9586483053 | ||
| 050 | _a304.28 A33g | ||
| 100 | _aAvellaneda Cusaria, Alfonso | ||
| 245 | _aGestión ambiental y planificación del desarrollo / Alfonso Avellaneda Cusaria | ||
| 264 | _aColombia: Ecoe | ||
| 300 | _a232 p | ||
| 490 | _aColección texto universitario | ||
| 500 | _aIncluye bibliografía | ||
| 650 | _a1.Medio Ambiente - Efectos SocialesÌ | ||
| 942 |
_2ddc _cBK |
||
| 999 |
_c5823 _d5823 |
||